000 02285cam a2200517Ii 4500
001 1406471
003 OSt
005 20250118105428.0
008 160916s2017 nyua c 000 1 eng
010 _a 2016025020
020 _a9781626726376 (hardcover)
020 _a162672637X (hardcover)
035 _a(OCoLC)940281752
_z(OCoLC)964818294
_z(OCoLC)968123005
_z(OCoLC)968758688
035 _a(OCoLC)ocn940281752
040 _aDLC
_beng
_erda
_cDLC
_dYDXCP
_dBDX
_dBTCTA
_dOI6
_dJAO
_dNYP
_dOCLCF
_dKFW
_dKSU
_dVP@
_dTXLBH
_dUIU
_dTXSSC
_dOCLCO
_dIFA
042 _alcac
_apcc
049 _aIFAA
099 _f2017
100 1 _aSpratt, R. A.,
_eauthor.
245 1 0 _aBig trouble /
_cR.A. Spratt ; illustrated by Phil Gosier.
250 _aFirst U.S. edition.
264 1 _aNew York :
_bRoaring Brook Press,
_c2017.
300 _a280 pages :
_billustrations ;
_c22 cm.
336 _atext
_btxt
_2rdacontent
337 _aunmediated
_bn
_2rdamedia
338 _avolume
_bnc
_2rdacarrier
490 1 _aFriday Barnes mystery
500 _a"First published in Australia in 2015 by Penguin Random House Australia"--Copyright page.
520 _aAt her exclusive boarding school, can super sleuth and girl genius Friday Barnes crack the case of her missing mother, reign in a royal brat, and unmask the elusive master thief called the Pimpernel?
650 0 _aBoarding schools
_vJuvenile fiction.
650 0 _aBoarding school students
_vJuvenile fiction.
650 0 _aSchools
_vJuvenile fiction.
650 0 _aGenius
_vJuvenile fiction.
650 0 _aGirls
_vJuvenile fiction.
655 7 _aHumorous fiction.
_2lcgft
655 7 _aDetective and mystery fiction.
_2lcgft
700 1 _aGosier, Phil,
_d1971-
_eillustrator.
776 0 8 _iOnline version:
_aSpratt, R. A., author.
_tBig trouble
_bFirst U.S. edition.
_dNew York : Roaring Brook Press, 2017
_z9781626726383
_w(DLC) 2016048940
800 1 _aSpratt, R. A.
_tFriday Barnes.
902 _aMarcive
910 _aBRO-cust20180730-080
942 _cBK
999 _c30368
_d30366
999 _bCHILDREN FICTION SPRATT 2017